[Event "Kaupthing Open Differdange"]
[Site "Differdange"]
[Date "2007.07.09"]
[Round "4.30"]
[White "Graf, Felix"]
[Black "Herbold, Manfred"]
[Result "1/2-1/2"]
[WhiteElo "2273"]
[BlackElo "2167"]
[PlyCount "101"]
[EventType "swiss"]
[EventCountry "LUX"]

1. d4 Nf6 2. c4 g6 3. Nc3 Bg7 4. e4 d6 5. f3 O-O 6. Be3 e5 7. d5 Nh5 8. Qd2
Qh4+ 9. g3 Nxg3 10. Qf2 Nxf1 11. Qxh4 Nxe3 12. Qf2 Nxc4 13. b3 Nb6 14. h4 c6
15. Rd1 cxd5 16. Nxd5 Nxd5 17. Rxd5 Be6 18. Rxd6 Rc8 19. Ne2 Bf8 20. Rd1 h5 21.
Rc1 Na6 22. Kf1 Rd8 23. Ng3 Bh6 24. Re1 Nb4 25. Nf5 Bf4 26. Qc5 Nc6 27. Ne7+
Nxe7 28. Qxe7 Rd2 29. Re2 Rad8 30. Qb4 b6 31. Rxd2 Rxd2 32. Qa3 a5 33. Ke1 Rc2
34. Rg1 Be3 35. Rg5 Bc5 36. Qa4 Bd4 37. Rxg6+ fxg6 38. Qe8+ Kg7 39. Qxe6 Rxa2
40. Qe7+ Kg8 41. Qf6 Rg2 42. f4 Rg4 43. Kd1 Kh7 44. Qf7+ Kh6 45. Qf8+ Kh7 46.
Qe7+ Kh6 47. fxe5 Rxe4 48. Qf8+ Kh7 49. Qf7+ Kh6 50. Qd5 Rxh4 51. e6 1/2-1/2

[Event "Kaupthing Open Differdange"]
[Site "Differdange"]
[Date "2007.07.09"]
[Round "4.31"]
[White "Holm, Sejer"]
[Black "Christen, Pierre"]
[Result "1/2-1/2"]
[WhiteElo "2262"]
[BlackElo "2060"]
[PlyCount "133"]
[EventType "swiss"]
[EventCountry "LUX"]

1. d4 d5 2. Nf3 Nf6 3. c4 c6 4. Nc3 dxc4 5. a4 Na6 6. e4 Bg4 7. Bxc4 e6 8. O-O
Nb4 9. Be2 Be7 10. Be3 O-O 11. Ne5 Bxe2 12. Qxe2 Qc7 13. Rac1 a6 14. f4 Rad8
15. Kh1 Nd7 16. Nxd7 Qxd7 17. f5 exf5 18. Rxf5 Nd5 19. Nxd5 cxd5 20. Rxd5 Qxa4
21. Rxd8 Bxd8 22. Qc4 Qxc4 23. Rxc4 Re8 24. e5 f6 25. Bf4 fxe5 26. dxe5 Kf7 27.
g4 Ke6 28. Kg2 Rf8 29. Bg3 Rf7 30. Rc8 Bc7 31. Rh8 h6 32. Rg8 Re7 33. Bh4 g5
34. Bg3 Bxe5 35. Rg6+ Kf7 36. Rb6 Bd4 37. Rb4 Rd7 38. Kf3 b5 39. Ke4 Bc5 40.
Rb3 Rd4+ 41. Kf5 Rd5+ 42. Ke4 Ke6 43. Rc3 Rd4+ 44. Kf3 Kd5 45. h4 a5 46. hxg5
hxg5 47. Re3 Kc4 48. b3+ Kd5 49. Re5+ Kc6 50. Rxg5 Rd3+ 51. Kg2 Rxb3 52. Rg6+
Kd5 53. g5 a4 54. Ra6 a3 55. g6 Bf8 56. Bh4 Rb4 57. Kg3 Rxh4 58. Kxh4 b4 59.
Kg5 Bg7 60. Ra7 Bb2 61. Kf5 Kc4 62. Ke4 Kb3 63. g7 Bxg7 64. Rxg7 a2 65. Ra7 Kb2
66. Kd3 b3 67. Kc4 1/2-1/2

[Event "Kaupthing Open Differdange"]
[Site "Differdange"]
[Date "2007.07.09"]
[Round "4.33"]
[White "Wagner, Steven"]
[Black "Boos, Markus"]
[Result "1/2-1/2"]
[WhiteElo "2120"]
[BlackElo "2216"]
[PlyCount "128"]
[EventType "swiss"]
[EventCountry "LUX"]

1. e4 c5 2. a3 Nf6 3. e5 Nd5 4. d4 cxd4 5. Qxd4 e6 6. c4 Nc6 7. Qe4 Nde7 8. Nf3
Ng6 9. b4 d5 10. cxd5 exd5 11. Qe3 d4 12. Qe4 Be6 13. Bb5 Bd5 14. Qd3 Bxf3 15.
Qxf3 Ngxe5 16. Qe4 Qe7 17. O-O a6 18. Ba4 Qe6 19. Bf4 O-O-O 20. Nd2 Bd6 21.
Rac1 Kb8 22. Rfe1 Qg6 23. Bxc6 Nxc6 24. Bxd6+ Rxd6 25. Qf4 Ka7 26. Ne4 Re6 27.
Nc5 Rxe1+ 28. Rxe1 Re8 29. Rc1 Qh6 30. Qxh6 gxh6 31. Kf1 Kb6 32. Nd3 Kb5 33.
Nc5 Re7 34. f3 f5 35. Kf2 Kb6 36. Rd1 Kb5 37. Rc1 a5 38. bxa5 Nxa5 39. Nd3 Ka4
40. Rc5 Nc6 41. Rxf5 Kxa3 42. Rb5 Ka4 43. Rb1 b5 44. f4 b4 45. f5 h5 46. Rc1
Ne5 47. Nc5+ Kb5 48. Ke2 Rc7 49. Nd3 Rxc1 50. Nxc1 Kc4 51. f6 b3 52. Nxb3 Kxb3
53. f7 Nxf7 54. Kd3 Ne5+ 55. Kxd4 Ng6 56. g3 Kc2 57. Ke4 h4 58. Kf5 hxg3 59.
hxg3 Kd3 60. Kf6 Nf8 61. Kg7 Ke4 62. Kxf8 Kf5 63. Kg7 h5 64. Kh6 Kg4 1/2-1/2

[Event "Kaupthing Open Differdange"]
[Site "Differdange"]
[Date "2007.07.09"]
[Round "4.34"]
[White "Steil Antoni, Fiona"]
[Black "Smokina, Karolina"]
[Result "1/2-1/2"]
[WhiteElo "2065"]
[BlackElo "2205"]
[PlyCount "26"]
[EventType "swiss"]
[EventCountry "LUX"]

1. e4 e5 2. Nf3 Nc6 3. d4 exd4 4. Bc4 Nf6 5. O-O Nxe4 6. Re1 d5 7. Bxd5 Qxd5 8.
Nc3 Qa5 9. Nxe4 Be6 10. Bd2 Qd5 11. Bg5 Be7 12. Bxe7 Nxe7 13. Qxd4 O-O 1/2-1/2

[Event "Kaupthing Open Differdange"]
[Site "Differdange"]
[Date "2007.07.09"]
[Round "4.36"]
[White "Jaenig, Reinhard"]
[Black "Linster, Philippe"]
[Result "1-0"]
[WhiteElo "2169"]
[BlackElo "2053"]
[PlyCount "67"]
[EventType "swiss"]
[EventCountry "LUX"]

1. e4 c5 2. Nf3 a6 3. d4 cxd4 4. Nxd4 Nf6 5. Nc3 e5 6. Nf3 d5 7. exd5 e4 8. Qe2
Bb4 9. Bg5 O-O 10. Nd2 Bf5 11. Qc4 Ba5 12. O-O-O b5 13. Qd4 Bxc3 14. Qxc3 Nbd7
15. Nb3 h6 16. Be3 Nb6 17. d6 Rc8 18. Qe5 Be6 19. Be2 Nbd5 20. Kb1 Nxe3 21.
fxe3 Qb6 22. Nd4 Bc4 23. Bxc4 bxc4 24. c3 Rc5 25. Qg3 Rg5 26. Qf2 Rb8 27. Rd2
Nd5 28. Ka1 Qxd6 29. Nf5 Qf6 30. Rxd5 Rb5 31. Rxb5 axb5 32. Rf1 b4 33. cxb4 Kh7
34. Nd4 1-0

[Event "Kaupthing Open Differdange"]
[Site "Differdange"]
[Date "2007.07.09"]
[Round "4.37"]
[White "Lehnert, Michael"]
[Black "Schweitzer, Viktoriya"]
[Result "0-1"]
[WhiteElo "2064"]
[BlackElo "2243"]
[PlyCount "45"]
[EventType "swiss"]
[EventCountry "LUX"]

1. c4 e5 2. Nc3 Nf6 3. d3 c6 4. Bg5 Be7 5. e4 O-O 6. g3 d6 7. Bxf6 Bxf6 8. Bg2
Be6 9. h3 Na6 10. Nge2 Qc8 11. g4 Nc7 12. O-O h5 13. f3 d5 14. cxd5 cxd5 15.
Ng3 hxg4 16. fxg4 Bg5 17. Nf5 d4 18. h4 Bxf5 19. gxf5 Be3+ 20. Kh1 dxc3 21. Bf3
Bf4 22. bxc3 Nb5 23. Qb3 0-1

[Event "Kaupthing Open Differdange"]
[Site "Differdange"]
[Date "2007.07.09"]
[Round "4.38"]
[White "Penzel, Frank"]
[Black "Oud, Niek"]
[Result "1-0"]
[WhiteElo "2210"]
[BlackElo "2058"]
[PlyCount "57"]
[EventType "swiss"]
[EventCountry "LUX"]

1. e4 c5 2. Nf3 Nc6 3. Bb5 d6 4. c3 Bd7 5. d4 cxd4 6. cxd4 Nf6 7. Nc3 e6 8. O-O
Be7 9. d5 exd5 10. exd5 Nb8 11. Re1 O-O 12. Bxd7 Nbxd7 13. Nd4 Re8 14. Bf4 Bf8
15. Rxe8 Qxe8 16. Ndb5 Qb8 17. Rc1 a6 18. Nd4 Qd8 19. Nf5 Nb6 20. Qd4 Rc8 21.
Bg5 Nbd7 22. Re1 h6 23. Bh4 Qa5 24. Bg3 Nb6 25. Nxh6+ gxh6 26. Qxf6 Bg7 27. Qf3
Bxc3 28. bxc3 Rxc3 29. Re8+ 1-0

[Event "Kaupthing Open Differdange"]
[Site "Differdange"]
[Date "2007.07.09"]
[Round "4.39"]
[White "Bishop, Peter"]
[Black "Berg, Runar"]
[Result "0-1"]
[WhiteElo "1853"]
[BlackElo "2129"]
[PlyCount "56"]
[EventType "swiss"]
[EventCountry "LUX"]

1. e4 e5 2. d4 exd4 3. Bc4 Nf6 4. Bg5 h6 5. Bh4 Nc6 6. c3 Qe7 7. Ne2 Qxe4 8.
Bxf6 gxf6 9. O-O dxc3 10. Bxf7+ Kxf7 11. Nbxc3 Qe5 12. Ng3 d5 13. Re1 Qg5 14.
Nxd5 Bg4 15. Qb3 Na5 16. Qa4 Qxd5 17. Qxg4 Rg8 18. Qa4 Rg5 19. Rad1 Qc6 20. Qh4
Re8 21. Rxe8 Qxe8 22. Ne4 Rg6 23. Re1 Qe5 24. Kf1 Nc6 25. Nc3 Qd4 26. Qh5 Bc5
27. Re3 Qc4+ 28. Re2 Nd4 0-1

[Event "Kaupthing Open Differdange"]
[Site "Differdange"]
[Date "2007.07.09"]
[Round "4.40"]
[White "Ristic, Alexandre"]
[Black "Priewasser, Joerg"]
[Result "1-0"]
[WhiteElo "2094"]
[BlackElo "2022"]
[PlyCount "73"]
[EventType "swiss"]
[EventCountry "LUX"]

1. e4 c5 2. Nf3 Nc6 3. g3 g6 4. Bg2 Bg7 5. O-O d6 6. Re1 e5 7. c3 Nge7 8. d3
O-O 9. a3 a5 10. a4 h6 11. Na3 Be6 12. Nd2 f5 13. Ndc4 d5 14. exd5 Bxd5 15.
Bxd5+ Nxd5 16. Qb3 Rf7 17. Ne3 Nxe3 18. Bxe3 b6 19. Nc4 Rb8 20. f4 Kf8 21. fxe5
Nxe5 22. Nxe5 Bxe5 23. Bxh6+ Bg7 24. Bf4 Rbb7 25. Re6 Qxd3 26. Rae1 Kg8 27.
Rxg6 Kh7 28. Rd6 Qf3 29. Qc2 b5 30. axb5 Rxb5 31. Re3 Qb7 32. Qd1 Rf8 33. Rd7
Qc6 34. Qh5+ Kg8 35. Rxg7+ Kxg7 36. Re7+ Kf6 37. Bg5# 1-0

[Event "Kaupthing Open Differdange"]
[Site "Differdange"]
[Date "2007.07.09"]
[Round "4.42"]
[White "Beukema, Stefan"]
[Black "Preiss, Veronika"]
[Result "1-0"]
[WhiteElo "1994"]
[BlackElo "2039"]
[PlyCount "45"]
[EventType "swiss"]
[EventCountry "LUX"]

1. e4 d6 2. d4 Nf6 3. Nc3 g6 4. Be3 Bg7 5. Qd2 Ng4 6. Bf4 e5 7. dxe5 Nxe5 8.
O-O-O Nbc6 9. Bg5 f6 10. Bh6 Bxh6 11. Qxh6 Qe7 12. Nd5 Qf7 13. h3 Nd8 14. f4
Nec6 15. f5 Ne5 16. Nf3 Ndc6 17. Bb5 Kd8 18. Bxc6 bxc6 19. Nxe5 fxe5 20. fxg6
Qe6 21. Qg5+ Kd7 22. Nf6+ Ke7 23. g7 1-0

[Event "Kaupthing Open Differdange"]
[Site "Differdange"]
[Date "2007.07.09"]
[Round "4.43"]
[White "Boyarchenko, Alex"]
[Black "Haerri, Adrian"]
[Result "1/2-1/2"]
[WhiteElo "1952"]
[BlackElo "2000"]
[PlyCount "149"]
[EventType "swiss"]
[EventCountry "LUX"]

1. e4 Nf6 2. e5 Nd5 3. c4 Nb6 4. c5 Nd5 5. Bc4 e6 6. d4 b6 7. Bxd5 exd5 8. cxb6
axb6 9. Ne2 d6 10. f4 dxe5 11. fxe5 Be7 12. O-O O-O 13. Nbc3 c6 14. Nf4 Na6 15.
a3 Nc7 16. Qf3 f6 17. Bd2 fxe5 18. dxe5 Ne6 19. Nce2 Bc5+ 20. Kh1 Ng5 21. Qb3
Ba6 22. Bb4 Bc4 23. Qc2 Bxb4 24. axb4 Qe7 25. b3 Rxa1 26. Rxa1 Qxe5 27. Rc1
Bxe2 28. Nxe2 Rf2 29. Qxc6 Rxe2 30. Rf1 Re1 31. Qa8+ Qe8 32. Qxd5+ Nf7 33. Qf3
Rxf1+ 34. Qxf1 Kf8 35. h3 Qe6 36. Qb5 Ne5 37. Qe2 Ke7 38. Qe4 h6 39. Kg1 Kf6
40. Qh4+ Kf7 41. Qe4 g5 42. Qh7+ Ke8 43. Qe4 Ke7 44. h4 g4 45. Qd4 g3 46. Qe3
Nd3 47. Qxd3 Qe1+ 48. Qf1 Qe3+ 49. Kh1 Qf2 50. Qa1 Ke6 51. Qd1 Kf5 52. Qh5+ Ke4
53. Qg6+ Kd5 54. Qd3+ Kc6 55. Qc4+ Kb7 56. Qc1 Qf6 57. Qe1 Qxh4+ 58. Kg1 Qd4+
59. Kf1 Qd3+ 60. Qe2 Qb1+ 61. Qe1 Qxe1+ 62. Kxe1 Kc6 63. Ke2 Kd5 64. Kf3 Kd4
65. Kxg3 Kc3 66. Kh4 Kxb3 67. Kh5 Kxb4 68. Kxh6 Ka3 69. g4 b5 70. g5 b4 71. g6
b3 72. g7 b2 73. g8=Q b1=Q 74. Qa8+ Kb2 75. Qb7+ 1/2-1/2

[Event "Kaupthing Open Differdange"]
[Site "Differdange"]
[Date "2007.07.10"]
[Round "5.4"]
[White "Wirig, Anthony"]
[Black "Kritz, Leonid"]
[Result "0-1"]
[WhiteElo "2487"]
[BlackElo "2571"]
[PlyCount "150"]
[EventType "swiss"]
[EventCountry "LUX"]

1. d4 Nf6 2. Nf3 c6 3. c4 b5 4. b3 g6 5. e3 Bg7 6. Nbd2 bxc4 7. Bxc4 O-O 8. Bb2
a5 9. O-O Ba6 10. Rc1 Qb6 11. Ba3 Re8 12. Ne5 d5 13. Bxa6 Rxa6 14. Rc2 Nfd7 15.
Nd3 a4 16. Qc1 axb3 17. axb3 Qa5 18. Bb2 Qb5 19. Nc5 Nxc5 20. Rxc5 Qb7 21. Qb1
e6 22. Rcc1 Bf8 23. Qd3 Rb6 24. Ra1 Na6 25. Bc3 Nb4 26. Bxb4 Bxb4 27. Nf3 c5
28. dxc5 Bxc5 29. Rfb1 Rb8 30. Nd2 Bb4 31. Nf3 Bf8 32. h4 Rxb3 33. Rxb3 Qxb3
34. Qxb3 Rxb3 35. Ra7 Rb1+ 36. Kh2 Rf1 37. Ra2 Be7 38. g4 Bf6 39. Kg2 Ra1 40.
Rc2 Ra8 41. Rc7 Re8 42. Rb7 Re7 43. Rb8+ Kg7 44. g5 Bc3 45. Rc8 Bb2 46. Rb8 Ba3
47. Rd8 Rb7 48. Ne5 h5 49. f4 Bb4 50. Rd7 Rxd7 51. Nxd7 Be1 52. Ne5 Kf8 53. Nf3
Bc3 54. Kf2 Ke7 55. Ke2 e5 56. fxe5 Ke6 57. Kd3 Bxe5 58. e4 dxe4+ 59. Kxe4 Bg3
60. Nd4+ Kd7 61. Nf3 Kd6 62. Kd4 Ke6 63. Kd3 Kf5 64. Ke3 Bf4+ 65. Ke2 Kg4 66.
Kf2 Kh3 67. Kf1 Bg3 68. Ke2 Bxh4 69. Ne5 Bxg5 70. Nxf7 Bf4 71. Kf2 Kh2 72. Kf3
g5 73. Nh6 Bc1 74. Nf5 g4+ 75. Kf2 Bg5 0-1

[Event "Kaupthing Open Differdange"]
[Site "Differdange"]
[Date "2007.07.10"]
[Round "5.6"]
[White "Hoffmann, Michael"]
[Black "Georgiev, Vladimir"]
[Result "1-0"]
[WhiteElo "2481"]
[BlackElo "2567"]
[PlyCount "87"]
[EventType "swiss"]
[EventCountry "LUX"]

1. e4 e5 2. Nf3 Nc6 3. Bb5 a6 4. Ba4 Nf6 5. O-O Bc5 6. c3 b5 7. Bb3 d6 8. a4
Bg4 9. h3 Bxf3 10. Qxf3 Na5 11. Bc2 b4 12. Qd1 O-O 13. d4 exd4 14. cxd4 Bb6 15.
d5 Re8 16. Nd2 c6 17. dxc6 d5 18. exd5 Qxd5 19. Nb3 Nxc6 20. Qxd5 Nxd5 21. Bd2
Nd4 22. Nxd4 Bxd4 23. Bb3 Nf6 24. Rac1 Re2 25. Rc2 a5 26. g4 h6 27. Kg2 Rae8
28. Kf3 R2e7 29. Bf4 g5 30. Bc7 Nd7 31. Rd1 Nc5 32. Bd6 Re3+ 33. fxe3 Rxe3+ 34.
Kg2 Nxb3 35. Bg3 Re4 36. Rd3 Re3 37. Rxe3 Bxe3 38. Be5 Bc5 39. Bf6 Kh7 40. Bd8
Bd4 41. Kf3 Kg6 42. Ke4 f6 43. Bxa5 Bc5 44. Bc7 1-0

[Event "Kaupthing Open Differdange"]
[Site "Differdange"]
[Date "2007.07.11"]
[Round "6.2"]
[White "Kritz, Leonid"]
[Black "Erdos, Viktor"]
[Result "0-1"]
[WhiteElo "2571"]
[BlackElo "2523"]
[PlyCount "70"]
[EventType "swiss"]
[EventCountry "LUX"]

1. Nf3 Nf6 2. g3 d5 3. Bg2 c6 4. d3 Bg4 5. h3 Bh5 6. Nbd2 Nbd7 7. g4 Bg6 8. Nh4
e5 9. e3 Bd6 10. Qe2 Qe7 11. a3 Nb6 12. c4 O-O-O 13. b3 dxc4 14. dxc4 Bc7 15.
Nxg6 hxg6 16. Bb2 Nfd7 17. O-O-O Nc5 18. Kc2 Nd3 19. Bc3 f5 20. Nb1 e4 21. gxf5
gxf5 22. f3 Nc5 23. Rhf1 Rxd1 24. Rxd1 Re8 25. f4 Nbd7 26. Qh5 Qe6 27. Bf1 g6
28. Qh7 Nd3 29. Rd2 Bb6 30. Rg2 Nf8 31. Qh6 Bxe3 32. Bxd3 exd3+ 33. Kb2 Qe4 34.
Rh2 Bxf4 35. Nd2 Bxh6 0-1

[Event "Kaupthing Open Differdange"]
[Site "Differdange"]
[Date "2007.07.11"]
[Round "6.3"]
[White "Velicka, Petr"]
[Black "Schlosser, Philipp"]
[Result "1-0"]
[WhiteElo "2507"]
[BlackElo "2562"]
[PlyCount "75"]
[EventType "swiss"]
[EventCountry "LUX"]

1. e4 e5 2. Nf3 Nc6 3. Bb5 a6 4. Ba4 Nf6 5. O-O Be7 6. Re1 b5 7. Bb3 d6 8. c3
O-O 9. h3 Re8 10. d4 Bb7 11. a4 h6 12. Nbd2 Bf8 13. d5 Nb8 14. Bc2 c6 15. dxc6
Nxc6 16. Bd3 Qb8 17. Qe2 b4 18. Nc4 d5 19. exd5 e4 20. dxc6 exf3 21. Qxe8 Nxe8
22. cxb7 Qxb7 23. Be4 Qb8 24. Bxf3 Ra7 25. Be3 Rd7 26. Nb6 Rd8 27. c4 Qe5 28.
Rab1 Nf6 29. Nd5 Nxd5 30. Bxd5 Qc7 31. b3 a5 32. Rbd1 Kh8 33. Bd4 f6 34. Re6
Bc5 35. Bxc5 Qxc5 36. h4 h5 37. Rd3 Rd6 38. Be4 1-0

[Event "Kaupthing Open Differdange"]
[Site "Differdange"]
[Date "2007.07.11"]
[Round "6.6"]
[White "Bergsson, Snorri"]
[Black "Stefansson, Hannes"]
[Result "0-1"]
[WhiteElo "2301"]
[BlackElo "2568"]
[PlyCount "56"]
[EventType "swiss"]
[EventCountry "LUX"]

1. e4 c5 2. Nf3 d6 3. d4 cxd4 4. Nxd4 Nf6 5. Nc3 Nc6 6. Bg5 e6 7. Qd2 Qb6 8.
Nb3 Be7 9. Be2 O-O 10. O-O-O Rd8 11. Be3 Qc7 12. f4 a6 13. Bf3 b5 14. Qf2 Rb8
15. e5 Ne8 16. Bxc6 Qxc6 17. Na5 Qc7 18. Ba7 Qxa5 19. Bxb8 b4 20. Nb1 Qxa2 21.
Qb6 d5 22. Rd4 a5 23. g4 Qa4 24. Rhd1 Bd7 25. Ba7 Rc8 26. R4d2 b3 27. c3 Qxf4
28. Qe3 Bg5 0-1

[Event "Kaupthing Open Differdange"]
[Site "Differdange"]
[Date "2007.07.11"]
[Round "6.7"]
[White "Bojkov, Dejan"]
[Black "Nezar, Mustapha"]
[Result "1/2-1/2"]
[WhiteElo "2520"]
[BlackElo "2417"]
[PlyCount "91"]
[EventType "swiss"]
[EventCountry "LUX"]

1. e4 e5 2. Nf3 Nf6 3. Nxe5 d6 4. Nf3 Nxe4 5. d3 Nf6 6. d4 d5 7. Bd3 Bd6 8. O-O
O-O 9. h3 Re8 10. Bg5 Nbd7 11. Nc3 c6 12. Nh4 Nf8 13. Nf5 Bxf5 14. Bxf5 g6 15.
Bg4 Be7 16. Bf3 Ne4 17. Bxe7 Rxe7 18. Bxe4 dxe4 19. Re1 f5 20. d5 Rd7 21. Qd4
cxd5 22. Rad1 Ne6 23. Qe5 Nc7 24. Rd4 Qe8 25. Qg3 Qf7 26. Red1 Rad8 27. f3 Qe6
28. Kh1 Ne8 29. Ne2 Nf6 30. Nf4 Qf7 31. h4 Kh8 32. h5 Nxh5 33. Nxh5 gxh5 34. c4
dxc4 35. fxe4 Rxd4 36. Rxd4 Rxd4 37. Qe5+ Kg8 38. Qxd4 fxe4 39. Qxe4 b6 40. Qe5
Qf1+ 41. Kh2 Qf7 42. Qg5+ Kf8 43. Qd8+ Kg7 44. Qg5+ Kf8 45. Qd8+ Kg7 46. Qg5+
1/2-1/2

[Event "Kaupthing Open Differdange"]
[Site "Differdange"]
[Date "2007.07.11"]
[Round "6.8"]
[White "Lobzhanidze, Davit"]
[Black "Schebler, Gerhard"]
[Result "1/2-1/2"]
[WhiteElo "2470"]
[BlackElo "2496"]
[PlyCount "98"]
[EventType "swiss"]
[EventCountry "LUX"]

1. e4 c5 2. Nf3 Nc6 3. d4 cxd4 4. Nxd4 Nf6 5. Nc3 e5 6. Ndb5 d6 7. Bg5 a6 8.
Na3 b5 9. Nd5 Qa5+ 10. Bd2 Qd8 11. Bg5 Qa5+ 12. Bd2 Qd8 13. Bd3 Nxd5 14. exd5
Ne7 15. c4 g6 16. cxb5 Bg7 17. O-O O-O 18. Qb3 Rb8 19. Nc2 axb5 20. Nb4 Bd7 21.
Rac1 Rc8 22. Bg5 Rxc1 23. Rxc1 h6 24. Nc6 Bxc6 25. Bxe7 Bxd5 26. Qxb5 Qxe7 27.
Qxd5 e4 28. Qxe4 Qxe4 29. Bxe4 Bxb2 30. Rc7 Re8 31. f3 Re5 32. Bc2 Rc5 33. Rxc5
Bd4+ 34. Kf1 Bxc5 35. Bb3 Ba3 36. Ke2 Kf8 37. Kd3 Ke7 38. Bd5 f5 39. Kc4 Kf6
40. Kb3 Bc5 41. a4 Bg1 42. h3 Ke5 43. Kc4 Kf4 44. Bf7 Kg3 45. Bxg6 Kxg2 46.
Bxf5 Kxf3 47. Kd5 Kf4 48. Bd3 Kg5 49. Kxd6 Kf6 1/2-1/2

[Event "Kaupthing Open Differdange"]
[Site "Differdange"]
[Date "2007.07.11"]
[Round "6.9"]
[White "Siebrecht, Sebastian"]
[Black "Jansa, Vlastimil"]
[Result "1-0"]
[WhiteElo "2431"]
[BlackElo "2494"]
[PlyCount "59"]
[EventType "swiss"]
[EventCountry "LUX"]

1. Nf3 g6 2. e4 Bg7 3. d4 d6 4. Nc3 Nf6 5. Be3 O-O 6. Qd2 Bg4 7. Ng5 Na6 8. f3
Bd7 9. h4 h6 10. g4 c5 11. O-O-O Bxg4 12. fxg4 Nxg4 13. Nf3 Nb4 14. Bh3 Nxe3
15. Qxe3 cxd4 16. Nxd4 Nc6 17. Nf5 gxf5 18. Rhg1 Ne5 19. Qg3 Ng6 20. exf5 Rc8
21. h5 Rxc3 22. bxc3 Qa5 23. Rd3 Be5 24. Qe3 Qa4 25. Kd1 Kg7 26. hxg6 fxg6 27.
fxg6 Rf6 28. Rd4 Qxa2 29. Qxh6+ Kxh6 30. g7 1-0

[Event "Kaupthing Open Differdange"]
[Site "Differdange"]
[Date "2007.07.11"]
[Round "6.10"]
[White "Meijers, Viesturs"]
[Black "Rohit, Goginenni"]
[Result "1-0"]
[WhiteElo "2483"]
[BlackElo "2470"]
[PlyCount "91"]
[EventType "swiss"]
[EventCountry "LUX"]

1. e4 c5 2. Nf3 d6 3. d4 cxd4 4. Nxd4 Nf6 5. Nc3 a6 6. Be2 e5 7. Nb3 Be7 8. Bg5
Be6 9. Bxf6 Bxf6 10. O-O O-O 11. Nd2 Nc6 12. Nc4 b5 13. Ne3 Bg5 14. Ncd5 g6 15.
c3 Ne7 16. a4 Bxe3 17. Nxe3 Qb6 18. axb5 axb5 19. Qd3 b4 20. Rxa8 Rxa8 21. Bg4
Bxg4 22. Nxg4 h5 23. Ne3 bxc3 24. bxc3 Ra3 25. h3 Qa6 26. Qd2 Ra2 27. Qd1 Ra3
28. Qc1 Ra4 29. Qb1 Qc6 30. c4 Kg7 31. Rd1 Ra3 32. Qb4 Ra6 33. Qb1 Ra3 34. Qc2
Ra6 35. Qd3 Qc5 36. g4 hxg4 37. hxg4 Nc8 38. g5 Ne7 39. Qe2 Qa7 40. Qf3 Ng8 41.
Kg2 Ra1 42. Rd3 Qe7 43. Qg4 Rc1 44. Rb3 Qa7 45. Qc8 Qe7 46. Rb8 1-0

[Event "Kaupthing Open Differdange"]
[Site "Differdange"]
[Date "2007.07.11"]
[Round "6.11"]
[White "Georgiev, Vladimir"]
[Black "Valuet, Bertrand"]
[Result "1-0"]
[WhiteElo "2567"]
[BlackElo "2303"]
[PlyCount "75"]
[EventType "swiss"]
[EventCountry "LUX"]

1. d4 Nf6 2. c4 g6 3. Nc3 Bg7 4. e4 d6 5. Bd3 O-O 6. Nge2 c5 7. d5 e6 8. Bg5 h6
9. Bh4 exd5 10. cxd5 a6 11. a4 Nbd7 12. O-O Qc7 13. h3 Re8 14. f4 c4 15. Bc2
Nc5 16. Bxf6 Bxf6 17. e5 dxe5 18. f5 Nd3 19. fxg6 Qb6+ 20. Kh2 fxg6 21. a5 Qd8
22. Ne4 Bf5 23. Bxd3 cxd3 24. N2g3 Bg7 25. Qxd3 Rf8 26. d6 Kh8 27. Qd5 Qh4 28.
d7 Rad8 29. Nxf5 gxf5 30. Nc5 e4 31. Ne6 Rxd7 32. Nxf8 Rxd5 33. Ng6+ Kh7 34.
Nxh4 f4 35. Rad1 Rb5 36. Rd7 f3 37. gxf3 Rxb2+ 38. Kh1 1-0

[Event "Kaupthing Open Differdange"]
[Site "Differdange"]
[Date "2007.07.11"]
[Round "6.13"]
[White "Steingrimsson, Hedinn"]
[Black "Kasparov, Sergey"]
[Result "1-0"]
[WhiteElo "2470"]
[BlackElo "2500"]
[PlyCount "107"]
[EventType "swiss"]
[EventCountry "LUX"]

1. d4 Nf6 2. Nf3 e6 3. c4 Bb4+ 4. Nbd2 b6 5. a3 Bxd2+ 6. Bxd2 Bb7 7. Bg5 d6 8.
e3 Nbd7 9. Qc2 Be4 10. Qc3 O-O 11. Nd2 Bb7 12. f3 c5 13. dxc5 dxc5 14. Bd3 Qc7
15. Qc2 h6 16. Bh4 Ne5 17. Be2 Rad8 18. O-O-O Rd7 19. Nb1 Rxd1+ 20. Rxd1 Rd8
21. Nc3 Rxd1+ 22. Qxd1 Bc6 23. Bg3 Nh5 24. Bf2 Nf6 25. Kc2 Qe7 26. Bg3 Nfd7 27.
Nb5 a6 28. Nc3 f5 29. Kc1 Kh7 30. Qc2 Ng6 31. Bd3 Nde5 32. Bf1 Nd7 33. Bc7 Nge5
34. Qf2 Nf7 35. Qc2 Nfe5 36. Qf2 Nf7 37. h3 Qf6 38. Bd3 Kg8 39. Kd1 Nfe5 40.
Bf1 Nf7 41. Bd3 Nfe5 42. Bf1 Nf7 43. Ke1 Kh8 44. Bd3 Nfe5 45. Bf1 Nf7 46. Bd3
Nfe5 47. Be2 Kg8 48. Kf1 Kh8 49. Qe1 Kg8 50. Qd1 Qg5 51. Qd2 Qg3 52. Qd6 Kf7
53. Qxc6 Qh2 54. Qxd7+ 1-0

[Event "Kaupthing Open Differdange"]
[Site "Differdange"]
[Date "2007.07.11"]
[Round "6.14"]
[White "Berend, Fred"]
[Black "Wirig, Anthony"]
[Result "1/2-1/2"]
[WhiteElo "2346"]
[BlackElo "2487"]
[PlyCount "45"]
[EventType "swiss"]
[EventCountry "LUX"]

1. e4 c5 2. Nf3 e6 3. d4 cxd4 4. Nxd4 a6 5. Bd3 Bc5 6. Nb3 Ba7 7. Qg4 Nf6 8.
Qg3 d6 9. Nc3 Nc6 10. Bg5 h6 11. Bd2 b5 12. O-O-O Bb7 13. Rhe1 g5 14. h4 Ne5
15. hxg5 Nfg4 16. Rf1 Qb6 17. g6 fxg6 18. Be1 O-O-O 19. Ne2 g5 20. Ned4 Rhe8
21. f4 Nxd3+ 22. cxd3 h5 23. Kb1 1/2-1/2

[Event "Kaupthing Open Differdange"]
[Site "Differdange"]
[Date "2007.07.11"]
[Round "6.16"]
[White "Gaponenko, Inna"]
[Black "Goriachnik, Dmitry"]
[Result "1-0"]
[WhiteElo "2458"]
[BlackElo "2301"]
[PlyCount "31"]
[EventType "swiss"]
[EventCountry "LUX"]

1. e4 c5 2. Nf3 Qa5 3. Nc3 g6 4. d4 Bg7 5. Be3 Nf6 6. Qd2 Nc6 7. d5 Nb4 8. Be2
Nxe4 9. Nxe4 Nxc2+ 10. Kd1 Qxd2+ 11. Kxd2 Nxa1 12. Rxa1 d6 13. Bb5+ Kf8 14. Rb1
a6 15. Be2 Bf5 16. b4 {illisible} 1-0

[Event "Kaupthing Open Differdange"]
[Site "Differdange"]
[Date "2007.07.11"]
[Round "6.17"]
[White "Kasparova, Tatiana"]
[Black "Michiels, Bart"]
[Result "0-1"]
[WhiteElo "2217"]
[BlackElo "2454"]
[PlyCount "106"]
[EventType "swiss"]
[EventCountry "LUX"]

1. e4 c5 2. Nf3 Nc6 3. Bb5 g6 4. Bxc6 dxc6 5. d3 Bg7 6. h3 Nf6 7. Nc3 Nd7 8.
Be3 e5 9. Qd2 h6 10. O-O Qe7 11. a3 Nf8 12. b4 Ne6 13. Na4 b6 14. bxc5 b5 15.
Nb2 Nd4 16. Nxd4 exd4 17. Bf4 Qxc5 18. Qb4 Qxb4 19. axb4 Ke7 20. Bc7 Bb7 21. e5
Ke6 22. f4 Bf8 23. Ba5 c5 24. bxc5 Bxc5 25. Nd1 Rac8 26. Nf2 Be7 27. Ra2 a6 28.
Rfa1 g5 29. fxg5 Bxg5 30. Kf1 Bd5 31. Rb2 Rc6 32. Re1 Rhc8 33. Re2 Bc1 34. Rb4
Rxc2 35. Rxd4 Bxg2+ 36. Ke1 Rxe2+ 37. Kxe2 Kxe5 38. Rd7 Ke6 39. Ra7 Rc2+ 40.
Ke1 Rc6 41. Bb4 Bg5 42. d4 Bh4 43. Bc5 Bxh3 44. Ke2 Bf5 45. Ra8 Kd5 46. Ra7
Bxf2 47. Kxf2 Be6 48. Ke3 Kc4 49. Bf8 h5 50. Be7 b4 51. Rb7 b3 52. Ke4 Bd5+ 53.
Ke3 Re6+ 0-1

[Event "Kaupthing Open Differdange"]
[Site "Differdange"]
[Date "2007.07.11"]
[Round "6.18"]
[White "Barthel, Ansgar"]
[Black "Wehmeier, Stefan"]
[Result "0-1"]
[WhiteElo "2182"]
[BlackElo "2417"]
[PlyCount "66"]
[EventType "swiss"]
[EventCountry "LUX"]

1. e4 c5 2. Nf3 d6 3. d4 cxd4 4. Nxd4 e5 5. Bb5+ Nd7 6. Nf5 a6 7. Bxd7+ Qxd7 8.
Nc3 Qc6 9. Ne3 Be6 10. O-O Ne7 11. Qd3 g6 12. Rd1 Rd8 13. Ned5 Bxd5 14. Nxd5
Nxd5 15. exd5 Qc7 16. Bg5 Be7 17. Bxe7 Qxe7 18. c4 O-O 19. Rac1 f5 20. b4 b6
21. c5 bxc5 22. bxc5 dxc5 23. Qxa6 Rd6 24. Qb5 e4 25. Qxc5 f4 26. Re1 e3 27.
fxe3 f3 28. gxf3 Rxf3 29. Rc2 Qh4 30. Qa5 Rdf6 31. Qd2 R3f5 32. e4 Rg5+ 33. Kh1
Qxe4+ 0-1